De la necesidad de un debate sobre la prostitución en Europa / (Record no. 18921)

MARC details
000 -LEADER
campo de control de longitud fija 01097nam a2200253 i 4500
001 - NÚMERO DE CONTROL
campo de control 18921
003 - IDENTIFICADOR DE NÚMERO DE CONTROL
campo de control ES-MaACL
005 - FECHA Y HORA DE LA ÚLTIMA TRANSACCIÓN
campo de control 20250807233240.0
007 - CAMPO FIJO DE DESCRIPCIÓN FÍSICA--INFORMACIÓN GENERAL
campo de control de longitud fija t|
008 - DATOS DE LONGITUD FIJA--INFORMACIÓN GENERAL
campo de control de longitud fija 020410s2001 sp ||||1| spa d
080 ## - NÚMERO DE LA CLASIFICACIÓN DECIMAL UNIVERSAL
Número de la Clasificación Decimal Universal 392.65(4)
100 1# - ENTRADA PRINCIPAL--NOMBRE DE PERSONA
Nombre de persona Tamzali, Wassyla.
9 (RLIN) 109173
245 10 - MENCIÓN DEL TÍTULO
Título De la necesidad de un debate sobre la prostitución en Europa /
Mención de responsabilidad, etc. Wassyla Tamzali ; conferencia organizada por Dirección General de la Mujer, Consejería de Servicios Sociales, Comunidad de Madrid, Madrid, 23 de noviembre de 1999.
260 ## - PUBLICACIÓN, DISTRIBUCIÓN, ETC.
Lugar de publicación, distribución, etc. [Madrid :
Nombre del editor, distribuidor, etc. Dirección General de la Mujer, Comunidad de Madrid,
Fecha de publicación, distribución, etc. 2001]
300 ## - DESCRIPCIÓN FÍSICA
Extensión 35, 35 p. ;
Dimensiones 22 cm.
490 1# - MENCIÓN DE SERIE
Mención de serie Publicaciones / Dirección General de la Mujer ;
Designación de volumen o secuencia 19
546 ## - NOTA DE IDIOMA
Nota de lengua/lenguaje Texto en español y francés.
650 #4 - PUNTO DE ACCESO ADICIONAL DE MATERIA--TÉRMINO DE MATERIA
Término de materia o nombre geográfico como elemento de entrada Prostitución-
Subdivisión geográfica Europa.
9 (RLIN) 16509
710 1# - ENTRADA AGREGADA--NOMBRE DE ENTIDAD CORPORATIVA
Nombre de entidad corporativa o nombre de jurisdicción como elemento de entrada Madrid (Comunidad Autónoma).
Unidad subordinada Dirección General de la Mujer.
9 (RLIN) 5615
740 02 - ENTRADA AGREGADA--TÍTULO RELACIONADO/ANALÍTICO NO CONTROLADO
Título relacionado o analítico no controlado De la nécessité d'un débat sur la prostitution en Europe.
830 10 - PUNTO DE ACCESO ADICIONAL DE SERIE-TÍTULO UNIFORME
Título uniforme DGM, Dirección General de la Mujer
Designación de volumen o secuencia 19
9 (RLIN) 228545
852 4# - LOCALIZACIÓN
Ubicación ES-MaACL
Número de control de estantería L-25396
Holdings
Estatus retirado Estado de pérdida Estado de daño No para préstamo Biblioteca de origen Biblioteca actual Ubicación en estantería Fecha de adquisición Fuente de adquisición Total de préstamos Signatura topográfica completa Código de barras Visto por última vez Precio de reemplazo Tipo de ítem Koha
        Biblioteca del Ateneo de Madrid Biblioteca del Ateneo de Madrid Depósito 2 17/01/2008     L-25396 1019359 23/02/2023 23/02/2023 Libro impreso